What Taylor Swift Songs are REAL (reputation) - Statistics

General Stats
  • This quiz has been taken 105 times
  • The average score is 9 of 14
Answers on the Grid
Answers color-coded by a green-red scale on the quiz's grid according to % correct below.
delicate
something bad
dress
gorgeous man
reputation
new years day
kings of my heart
pretty
ready for you
end game
new years
call it what you want
ready for it
so he goes
we cant have nice things
dresses
don't blame us
look what you made me do
this is why we cant have nice things
play games
so it goes
getaway car
I did something bad
end games
look at what you made me do
dance with our hands tied
king of my heart
my man
runaway car
dancing with our hands tied
 
Answer Stats
Answer % Correct
delicate
95%
dress
79%
new years day
75%
end game
74%
ready for it
74%
call it what you want
68%
so it goes
67%
this is why we cant have nice things
65%
getaway car
63%
I did something bad
63%
look what you made me do
63%
king of my heart
61%
dancing with our hands tied
56%
kings of my heart
26%
No matching quizzes found
Score Distribution
Percent of People with Each Score
Percentile by Number Answered
Your Score History
You have not taken this quiz